| 000 | 02270nas a2200433 4500 | ||
|---|---|---|---|
| 001 | BR8401806 | ||
| 003 | BR-BrBNA | ||
| 005 | 20231205085857.0 | ||
| 007 | ta | ||
| 008 | 230509b bl.|||p| |||| 00| 00por d | ||
| 040 |
_aBR-BrBNA _bpor _cBiblioteca Nacional de Agricultura |
||
| 041 | _a(Pt) | ||
| 072 | _aH10 | ||
| 100 | 1 | _aSantos, B. | |
| 100 | 1 | _aSilva, L.A.T. da | |
| 245 | 1 | _aOcorrencia de nematoides do genero Meloidogyne Goeldi, 1887 (Nematoda, Heteroderidae)em algumas plantas cultivadas do estado do Parana, Brasil [algodao, Gossypium hirsutum, anturio, Anthurium sp., banana, Musa cavendishii, batata, Solanum tuberosum, mandioquinha-salsa, Arracacia xanthorrhiza, bracatinga, Mimosa scabrella, cafe, coffea arabica, cenoura, Daucus carota, chuchu, Sechium edule, feijao, Phaseolus vulgaris, hortensia, Hydrangea hortensia, grevilea, Grevillea robusta, ipe amarelo, Tabebuia sp., ligustro, Ligustrum sp., pepino, Cucumis sativus, soja, Glycine max, timbo, Ateleia glazioveana, tomate, Lycopersicum esculentum]] | |
| 246 | 1 | _aOccurence of nematodes of the genus Meloidogyne Goeldi, 1887 (Nematoda, Heteroderidae)an some plants cultivated in the State of Parana, Brazil [cotton, Gossypium hirsutum, Anthurium sp., Musa cavendishii, potato, Solanum tuberosum, arracacha a, Arracacia xanthorrhiza, bracatinga, Mimosa scabrella, coffee, Coffea arabica, carrot, Daucus carota, chayote, Sechium edule, bean, Phaseolus vulgaris, Hydrangea, Hydrangea hortensia, silk oak, Grevillea robusta, tabebuia, Tabebuia sp., privet, Ligustrum sp., cucumber, Cucumis sativus, Soybean, Glycine max, liana, Ateleia glazioveana, tomato, Lycopersicum esculentum]] | |
| 650 | _aNEMATOIDE | ||
| 650 | _aALGODAO | ||
| 650 | _aANTURIO | ||
| 650 | _aBANANA | ||
| 650 | _aBATATA | ||
| 650 | _aMANDIOQUINHA-SALSA | ||
| 650 | _aBRACATINGA | ||
| 650 | _aCAFE | ||
| 650 | _aCENOURA | ||
| 650 | _aCHUCHU | ||
| 650 | _aFEIJAO | ||
| 650 | _aHORTENSIA | ||
| 650 | _aIPE AMARELO | ||
| 650 | _aPEPINO | ||
| 650 | _aSOJA | ||
| 650 | _aTIMBO | ||
| 650 | _aTOMATE | ||
| 650 | _aPARANÁ | ||
| 773 | 0 |
_tRevista de Agricultura (Brazil) _xISSN 0034-7655 _g(Mar 1984), v. 59(1) p. 21-26 _wBR8401806 |
|
| 909 |
_a202311 _bLúcia _c55 _dLúcia Elande |
||
| 942 |
_2AGRIS _n0 _cANA |
||
| 999 |
_c114468 _d114468 |
||